000 01415cab a2200313 4500
001 L130343
008 050718n2005 000 0 eng u
035 _a(Sirsi) u130343
041 _aeng
100 _aFidderman, Howard
245 _aHealth and safety: the state of play
260 _c2005
490 _aHealth and Safety Bulletin
_v(340) July 2005, 5-16(12)
520 _aHSB's latest biannual state-of-play table reviews all HSC/E activity and other important developments in the period from 2 February to 1 June 2005 (HSB nos 337 to 340 inclusive). Also reports on the current position on legislative proposals and provides an early warning of important or likely developments in health and safety. [Journal abstract.]
590 _aIKA190705
650 _aCONTROL OF SUBSTANCES HAZARDOUS TO HEALTH REGULATIONS 1999
650 _aCONTROL OF VIBRATION AT WORK REGULATIONS 2005
650 _aCDM REGULATIONS
650 _aCONTROL OF SUBSTANCES HAZARDOUS TO HEALTH (AMENDMENT) REGULATIONS 2004
650 _aCONTROL OF MAJOR ACCIDENTS HAZARDS (AMENDMENT) REGULATIONS 2005
650 _aDIRECTIVE 2003/105/EC
650 _aDIRECTIVE 96/82/EC
650 _aDIRECTIVE 2000/39/EEC
650 _aDIRECTIVE 91/322/EEC
650 _aCONSTRUCTION (HEALTH, SAFETY AND WELFARE) REGULATIONS 1996
650 _aWORK AT HEIGHTS REGULATIONS 2005
690 _aHealth and safety
_96244
942 _n0
999 _c75569
_d75569